ՀՀ Գիտությունների ազգային ակադեմիայի հիմնարար գիտական գրադարան  =   Fundamental Scientific Library of NAS RA

Պատմվածքներ / (Record no. 84100)

MARC details
000 -LEADER
fixed length control field 00864nam a2200193 u 4500
001 - CONTROL NUMBER
control field 000237650
003 - CONTROL NUMBER IDENTIFIER
control field AM-YeHGA
005 - DATE AND TIME OF LATEST TRANSACTION
control field 20250618071611.0
008 - FIXED-LENGTH DATA ELEMENTS--GENERAL INFORMATION
fixed length control field 030620s1948 ai r 000 0 arm d
040 ## - CATALOGING SOURCE
Original cataloging agency AM-YeHGA
090 ## - LOCALLY ASSIGNED LC-TYPE CALL NUMBER (OCLC); LOCAL CALL NUMBER (RLIN)
-- 85375
245 10 - TITLE STATEMENT
Title Պատմվածքներ /
Statement of responsibility, etc. Վ.Գ. Կորոլենկո; Թարգմ.՝ Վ. Միքայելյան; Կազմ.՝ Մ. Քաջազնունի; Խմբ.՝ Մ. Արազի; Նկ.՝ Հովհ. Շավարշ.
260 ## - PUBLICATION, DISTRIBUTION, ETC.
Place of publication, distribution, etc. Երևան :
Name of publisher, distributor, etc. Հայպետհրատ,
Date of publication, distribution, etc. 1948.
300 ## - PHYSICAL DESCRIPTION
Extent 188 էջ :
Other physical details նկ. ;
Dimensions 20 սմ.
650 14 - SUBJECT ADDED ENTRY--TOPICAL TERM
Topical term or geographic name entry element Ռուս գրականություն
General subdivision Պատմվածք
9 (RLIN) 4645
700 1# - ADDED ENTRY--PERSONAL NAME
Personal name Միքայելյան, Վահե Միքայելի,
Dates associated with a name 1900-1967
Relator term թարգմ.
Relationship trl
9 (RLIN) 1704
700 1# - ADDED ENTRY--PERSONAL NAME
Personal name Արազի, Մովսես,
Dates associated with a name 1878-1964
Relator term խմբ.
Relationship edt
9 (RLIN) 972
700 1# - ADDED ENTRY--PERSONAL NAME
Personal name Հովհաննես, Շավարշ,
Dates associated with a name 1908-1980
Relator term նկ.
Relationship ill
9 (RLIN) 1988
Holdings
Withdrawn status Lost status Damaged status Not for loan Collection Home library Current library Date acquired Total checkouts Full call number Barcode Date last seen Cost, replacement price Price effective from Koha item type Public note
        General Fundamental Scientific Library Fundamental Scientific Library 22/12/2016   AII/22460 FL0005120 22/12/2016 8.00 22/12/2016 Գրքեր / Books 30 Days Loan
        General Fundamental Scientific Library Fundamental Scientific Library 22/12/2016   AII/22461 FL0005121 22/12/2016 8.00 22/12/2016 Գրքեր / Books 30 Days Loan
        General Fundamental Scientific Library Fundamental Scientific Library 22/12/2016   AII/22462 FL0005122 22/12/2016 8.00 22/12/2016 Գրքեր / Books 30 Days Loan
        General Fundamental Scientific Library Fundamental Scientific Library 22/12/2016   AII/22463 FL0005123 22/12/2016 8.00 22/12/2016 Գրքեր / Books 30 Days Loan


ՀՀ ԳԱԱ հիմնարար գիտական գրադարան
ՀՀ,Երևան 0019
Մարշալ Բաղրամյան 24/6
հեռախոս:(374-10) 52-47-50
Հետադարձ կապ

All site content, except where otherwise noted, is licensed under a
Creative Commons License